00387nam a22001337a 4500008004100000082002000041110004700061245004100108260003500149300001000184440003200194942001200226999001500238230623b xxu||||| |||| 00| 0 eng d a330.9bFOS 2004 bCentre for the Study of African Economies  aAfrican Economic Research Consortium b Oxford University Pressc2004 ail97p n1pSupplementv13x09638024 2ddccBK c2461d2461